MARC

LEADER 00000nam0a2200000 4500
001 369633
005 20231102012212.0
035 |a (RuTPU)RU\TPU\retro\27019 
035 |a RU\TPU\retro\23985 
090 |a 369633 
100 |a 20220527d1966 m y0rusy50 ca 
101 1 |a eng  |c rus 
102 |a RU 
105 |a a j 000zy 
200 1 |a Строительная механика  |d Structural mechanics  |e [учебник]  |f А. В. Дарков, В. И. Кузнецов 
210 |a Москва  |c Мир  |d 1966 
215 |a 704 с.  |c ил. 
300 |a На английском языке 
510 1 |a Structural mechanics  |z eng 
606 1 |a Строительная механика  |2 stltpush  |3 (RuTPU)RU\TPU\subj\57240  |9 75102 
610 1 |a балки 
610 1 |a арки 
610 1 |a рамы 
610 1 |a плоские фермы 
610 1 |a работа сил 
610 1 |a расчеты 
610 1 |a неопределимые системы 
610 1 |a метод конечных элементов 
610 1 |a сооружения 
610 1 |a упругие системы 
610 1 |a динамика 
610 1 |a учебники 
675 |a 624.04(075.8)  |v 3 
700 1 |a Дарков  |b А. В. 
701 1 |a Кузнецов  |b В. И. 
801 1 |a RU  |b 63413507  |c 20060927  |g PSBO 
801 2 |a RU  |b 63413507  |c 20220527  |g PSBO 
942 |c BK